000 01325nam a2200325 4500
001 0000021692
003 CO-CtgCURN
005 20250828152810.0
008 160627s1995 000 0 eng d
020 _a9589278019
040 _aCO-CtgCURN
_bspa
_ccoctgcurn
082 0 _a346.022
_bC15r
100 1 _aCanosa Torrado, Fernando.
245 1 3 _aLa resolucion de los contratos :
_bincumplimiento y mutuo disenso Introducción a la teoria general del negocio juridico /
_cFernando Canosa Torrado.
250 _a4a. ed.
260 _aBogotá :
_bEdiciones Doctrina y Ley,
_c1995.
300 _a618 p.
336 _2rdacontent
337 _2rdamedia
_asin mediacion
_bn
338 _2rdacarrier
_avolumen
_bnc
500 _aIncluye indice.
504 _aBibliografia (p. 603-607)
505 8 _aRepresentacion preliminar.--Nociones generales sobre los contratos.--Contenido conceptual del termino resolucion.--Antecedentes historicos de la pretension resolutoria.--Fundamento juridico de la pretension resolutoria
650 0 _aContratos
_vLegislacion
_zColombia.
650 0 _aTerminos legales de contrato
_zColombia.
650 0 _aResolucion de contratos
_zColombia.
908 _a160627
942 _cBK
_h346.022
_iC15r
_2ddc
999 _c49801
_d49801